000 00263nam a2200097Ia 4500
001 952757
005 20250826215713.0
008 250824s9999 xx 000 0 und d
245 0 _aKOVUN BENİ BU OKULDAN
_cHALENUR ÇALIŞAN GÜRBÜZ
260 _bTAZE KİTAP YAYINLARI
999 _c952757
_d952757